| 000 | 01457nam a22002297a 4500 | ||
|---|---|---|---|
| 999 |
_c62862 _d62862 |
||
| 003 | Ge_BSU | ||
| 005 | 20250311120610.0 | ||
| 008 | 250311s1962 ge ||||| |||| 00| 0 geo d | ||
| 041 | _ageo | ||
| 080 | _a611.61 ტ- 27 | ||
| 100 |
_aტატიშვილი, მ. _923489 |
||
| 245 |
_aთირკმლის ორგანოსშიდა აგებულება / _cმ. ტატიშვილი; საქ. სსრ მეცნ. აკად., ალ. ნათიშვილის სახ. ექსპერიმ. მორფოლოგიის ინ-ტი. |
||
| 264 |
_aთბილისი : _bსაქ. სსრ მეცნ. აკად. გამ-ბა და სტ., _c1962. |
||
| 300 |
_a132 გვ. : _b19 ფ. ილ. ; _c25 სმ. |
||
| 500 | _a პარალელური თავფურცელი რუსულ ენაზე. | ||
| 504 | _aბიბლიოგრაფია: გვ. 118-123. | ||
| 520 | _aრეზუმე რუსულ ენაზე. | ||
| 653 | _aთირკმლის აგებულება | ||
| 653 | _aმედიცინა | ||
| 710 |
_aსაქართველოს სსრ მეცნიერებათა აკადემია. ალ. ნათიშვილის სახ. ექსპერიმენტული მორფოლოგიის ინსტიტუტი. _924511 |
||
| 942 |
_2udc _cᲬᲘᲒᲜᲘ |
||